[Event "Iranian Men Championship Final 1399"]
[Site "Tehran"]
[Date "2021.04.05"]
[Round "2"]
[Board "2"]
[White "Mosadeghpour, Masoud"]
[Black "Gholami Orimi, Mahdi"]
[Result "0-1"]
[WhiteElo "2498"]
[BlackElo "2428"]
[PlyCount "0"]
[EventDate "2021.04.05"]
[EventRounds "15"]
[EventCountry "IRI"]

1. Nf3 {[%clk 1:27:59]} Nf6 {[%clk 1:29:08]} 2. g3 {[%clk 1:27:51]} g6
{[%clk 1:29:21]} 3. c4 {[%clk 1:27:04]} Bg7 {[%clk 1:29:41]} 4. Bg2
{[%clk 1:25:08]} O-O {[%clk 1:29:31]} 5. O-O {[%clk 1:25:08]} d5 {[%clk 1:29:37]}
6. d4 {[%clk 1:19:47]} c6 {[%clk 1:26:04]} 7. Nbd2 {[%clk 1:18:38]} Bf5
{[%clk 1:23:26]} 8. b3 {[%clk 1:18:17]} a5 {[%clk 1:23:19]} 9. Bb2
{[%clk 1:14:23]} Na6 {[%clk 1:05:54]} 10. Ne5 {[%clk 1:10:47]} Qb6
{[%clk 1:01:52]} 11. a3 {[%clk 1:04:58]} Rad8 {[%clk 1:00:08]} 12. Rc1
{[%clk 0:59:43]} Nd7 {[%clk 0:52:25]} 13. Nef3 {[%clk 0:54:28]} Nf6
{[%clk 0:51:04]} 14. e3 {[%clk 0:45:27]} Ne4 {[%clk 0:47:42]} 15. Nxe4
{[%clk 0:42:40]} dxe4 {[%clk 0:40:06]} 16. Nd2 {[%clk 0:29:09]} c5
{[%clk 0:36:13]} 17. dxc5 {[%clk 0:28:45]} Nxc5 {[%clk 0:36:08]} 18. Bxg7
{[%clk 0:28:56]} Kxg7 {[%clk 0:36:02]} 19. Rb1 {[%clk 0:14:56]} Qd6
{[%clk 0:14:29]} 20. Rb2 {[%clk 0:07:41]} Qe5 {[%clk 0:13:55]} 21. Qc2
{[%clk 0:04:10]} Nd3 {[%clk 0:09:35]} 22. Rbb1 {[%clk 0:03:12]} h5
{[%clk 0:10:02]} 23. h3 {[%clk 0:02:01]} Rd7 {[%clk 0:08:32]} 24. c5
{[%clk 0:00:36]} Rfd8 {[%clk 0:07:47]} 25. Nc4 {[%clk 0:00:36]} Qe6
{[%clk 0:07:45]} 26. Qc3+ {[%clk 0:00:35]} f6 {[%clk 0:08:06]} 27. Kh2
{[%clk 0:00:37]} Rc8 {[%clk 0:04:19]} 28. Nxa5 {[%clk 0:00:31]} Rxc5
{[%clk 0:04:33]} 29. Qd2 {[%clk 0:00:31]} b6 {[%clk 0:03:12]} 30. b4
{[%clk 0:00:34]} Ne5 {[%clk 0:01:32]} 31. Qb2 {[%clk 0:00:33]} Rcd5
{[%clk 0:01:56]} 32. Nb3 {[%clk 0:00:41]} Nf3+ {[%clk 0:01:57]} 33. Bxf3
{[%clk 0:00:31]} exf3 {[%clk 0:02:26]} 34. e4 Bxe4 {[%clk 0:02:18]} 35. Rbe1
{[%clk 0:00:35]} Rd3 {[%clk 0:00:58]} 36. Nc1 {[%clk 0:00:58]} Rd2
{[%clk 0:00:54]} 37. Qc3 {[%clk 0:01:27]} Qf5 {[%clk 0:00:39]} 38. Qe3
{[%clk 0:01:28]} Bb7 {[%clk 0:00:45]} 39. Qxb6 {[%clk 0:00:51]} h4
{[%clk 0:00:40]} 40. g4 {[%clk 0:00:40]} Qf4+ {[%clk 0:01:09]} 41. Kh1
{[%clk 0:00:53]} Re2 {[%clk 0:01:01]} 42. Qb5 {[%clk 0:00:31]} Qd2
{[%clk 0:00:47]} 43. Nb3 {[%clk 0:00:32]} Qxe1 {[%clk 0:01:04]}  0-1

[Event "Iranian Men Championship Final 1399"]
[Site "Tehran"]
[Date "2021.04.05"]
[Round "2"]
[Board "3"]
[White "Gholami, Aryan"]
[Black "Mousavi, Seyed Khalil"]
[Result "1-0"]
[WhiteElo "2507"]
[BlackElo "2522"]
[PlyCount "0"]
[EventDate "2021.04.05"]
[EventRounds "15"]
[EventCountry "IRI"]

1. d4 {[%clk 1:30:56]} d5 {[%clk 1:28:57]} 2. Bf4 {[%clk 1:31:12]} Nf6
{[%clk 1:28:30]} 3. e3 {[%clk 1:31:23]} Bf5 {[%clk 1:28:08]} 4. c4
{[%clk 1:27:27]} e6 {[%clk 1:25:24]} 5. Nc3 {[%clk 1:27:30]} Bb4 {[%clk 1:14:27]}
6. Qb3 {[%clk 1:20:08]} Nc6 {[%clk 1:11:37]} 7. a3 {[%clk 1:15:17]} dxc4
{[%clk 1:10:33]} 8. Bxc4 {[%clk 1:13:56]} Bxc3+ {[%clk 1:10:41]} 9. Qxc3
{[%clk 1:07:04]} O-O {[%clk 0:57:16]} 10. Nf3 {[%clk 1:03:59]} Be4
{[%clk 0:53:13]} 11. Bg5 {[%clk 1:02:26]} h6 {[%clk 0:51:17]} 12. Bh4
{[%clk 1:02:27]} g5 {[%clk 0:48:10]} 13. Bg3 {[%clk 1:01:33]} Nd5
{[%clk 0:42:33]} 14. Qc1 {[%clk 0:53:39]} f5 {[%clk 0:42:23]} 15. Nd2
{[%clk 0:53:46]} Bxg2 {[%clk 0:41:45]} 16. Rg1 {[%clk 0:54:10]} Bh3
{[%clk 0:41:20]} 17. Qc2 {[%clk 0:48:43]} Kh8 {[%clk 0:37:25]} 18. Bxd5
{[%clk 0:28:08]} exd5 {[%clk 0:29:25]} 19. Be5+ {[%clk 0:25:24]} Nxe5
{[%clk 0:28:50]} 20. dxe5 {[%clk 0:25:49]} Qe7 {[%clk 0:26:11]} 21. Qc3
{[%clk 0:24:52]} Rae8 {[%clk 0:23:50]} 22. e4 {[%clk 0:22:37]} Bg4
{[%clk 0:22:36]} 23. f3 {[%clk 0:20:10]} Bh5 {[%clk 0:21:36]} 24. e6+
{[%clk 0:20:36]} d4 {[%clk 0:20:07]} 25. Qxd4+ {[%clk 0:21:00]} Qf6
{[%clk 0:20:07]} 26. Qxf6+ Rxf6 {[%clk 0:20:26]} 27. Rc1 {[%clk 0:19:08]} c6
{[%clk 0:16:30]} 28. h4 gxh4 {[%clk 0:14:29]} 29. Rh1 {[%clk 0:18:52]} fxe4 30.
fxe4 {[%clk 0:18:40]} Rf4 {[%clk 0:13:38]} 31. Rc5 {[%clk 0:16:10]} Bg6
{[%clk 0:13:49]} 32. Re5 {[%clk 0:15:18]} Kg7 {[%clk 0:13:23]} 33. Ke2
{[%clk 0:15:43]} Kf6 {[%clk 0:12:35]} 34. Ke3 {[%clk 0:16:09]} Rg4
{[%clk 0:10:07]} 35. Nf3 {[%clk 0:15:52]} b6 {[%clk 0:09:25]} 36. Rf1
{[%clk 0:12:25]} Ke7 {[%clk 0:07:05]} 37. Rh1 {[%clk 0:10:09]} Rg3
{[%clk 0:04:13]} 38. Rxh4 {[%clk 0:09:13]} Rf8 {[%clk 0:03:01]} 39. Rf4
{[%clk 0:09:34]} Rf6 {[%clk 0:03:17]} 40. b4 {[%clk 0:04:08]} Rh3
{[%clk 0:02:38]} 41. b5 {[%clk 0:04:00]} cxb5 42. Rxb5 {[%clk 0:04:21]} Rxe6
{[%clk 0:01:52]} 43. Kf2 {[%clk 0:01:07]} Bxe4 {[%clk 0:00:53]} 44. Nd4
{[%clk 0:01:32]} Bd3 {[%clk 0:00:45]} 45. Rb3 {[%clk 0:01:19]} Rd6
{[%clk 0:00:49]} 46. Nb5 {[%clk 0:00:47]} Re6 {[%clk 0:00:34]} 47. Nd4
{[%clk 0:01:12]} Rd6 {[%clk 0:00:56]} 48. Nb5 {[%clk 0:01:38]} Rd7
{[%clk 0:01:15]} 49. Nd4 {[%clk 0:02:01]} Rh2+ {[%clk 0:00:46]} 50. Kg3
{[%clk 0:02:20]} Rd2 {[%clk 0:01:02]} 51. Nf3 {[%clk 0:02:33]} Rd1
{[%clk 0:00:38]} 52. Rc3 {[%clk 0:02:19]} a5 {[%clk 0:00:34]} 53. Rc6
{[%clk 0:01:52]} Rd6 {[%clk 0:00:46]} 54. Rc7+ {[%clk 0:01:59]} Ke6
{[%clk 0:00:56]} 55. Rh4 {[%clk 0:02:13]} Kf5 {[%clk 0:00:32]} 56. Rf4+
{[%clk 0:02:28]} Kg6 {[%clk 0:00:36]} 57. Ne5+ {[%clk 0:02:32]} Kh5
{[%clk 0:00:41]} 58. Rh4+ {[%clk 0:02:55]} Kg5 {[%clk 0:00:53]} 59. Nf7+
{[%clk 0:03:19]} Kf6 {[%clk 0:01:15]} 60. Nxd6 {[%clk 0:03:32]} Bg6
{[%clk 0:01:34]} 61. Rc6 {[%clk 0:03:11]} Rd3+ {[%clk 0:01:53]} 62. Kf2
{[%clk 0:03:29]} Kg5 {[%clk 0:02:13]} 63. Ra4 {[%clk 0:03:37]} Rb3
{[%clk 0:02:13]} 64. Ne4+ {[%clk 0:03:58]}  1-0

[Event "Iranian Men Championship Final 1399"]
[Site "Tehran"]
[Date "2021.04.05"]
[Round "2"]
[Board "4"]
[White "Idani, Pouya"]
[Black "Nikookar, Mahdi"]
[Result "1-0"]
[WhiteElo "2588"]
[BlackElo "2239"]
[PlyCount "0"]
[EventDate "2021.04.05"]
[EventRounds "15"]
[EventCountry "IRI"]

1. e4 {[%clk 1:30:58]} e6 {[%clk 1:30:00]} 2. d4 {[%clk 1:31:21]} d5
{[%clk 1:30:24]} 3. e5 {[%clk 1:31:47]} c5 {[%clk 1:30:50]} 4. c3
{[%clk 1:32:14]} Nc6 {[%clk 1:31:12]} 5. Nf3 {[%clk 1:32:38]} Bd7
{[%clk 1:31:35]} 6. Be2 {[%clk 1:32:57]} Nge7 {[%clk 1:29:30]} 7. O-O
{[%clk 1:32:49]} Rc8 {[%clk 1:26:37]} 8. a3 {[%clk 1:27:42]} Nf5 {[%clk 1:25:18]}
9. b4 {[%clk 1:27:24]} cxd4 {[%clk 1:25:27]} 10. cxd4 {[%clk 1:27:46]} Qb6
{[%clk 1:24:24]} 11. Be3 {[%clk 1:27:21]} Be7 {[%clk 1:22:24]} 12. Nbd2
{[%clk 1:25:00]} Nxe3 {[%clk 1:11:49]} 13. fxe3 {[%clk 1:25:23]} f5
{[%clk 1:12:10]} 14. exf6 {[%clk 1:25:14]} Bxf6 {[%clk 1:02:49]} 15. Nb3
{[%clk 1:25:25]} Qd8 {[%clk 0:56:47]} 16. Nc5 {[%clk 1:16:34]} Rc7
{[%clk 0:56:19]} 17. Bd3 {[%clk 1:13:19]} O-O {[%clk 0:44:13]} 18. Qb1
{[%clk 1:07:50]} h6 {[%clk 0:41:53]} 19. Ra2 {[%clk 1:05:00]} e5 {[%clk 0:30:14]}
20. Qb3 {[%clk 1:04:33]} Bg4 {[%clk 0:27:56]} 21. Raf2 {[%clk 1:00:21]} Re8
{[%clk 0:21:19]} 22. Bg6 {[%clk 0:57:37]} Ree7 {[%clk 0:21:32]} 23. Bb1
{[%clk 0:46:22]} Bxf3 {[%clk 0:08:06]} 24. Rxf3 {[%clk 0:46:31]} Kh8
{[%clk 0:08:28]} 25. Rh3 {[%clk 0:38:33]} e4 {[%clk 0:06:35]} 26. Rh5
{[%clk 0:35:17]} Bg5 {[%clk 0:01:08]} 27. Rf5 {[%clk 0:27:14]} Rf7
{[%clk 0:00:44]} 28. Rfxg5 {[%clk 0:24:27]} Nxd4 29. exd4 {[%clk 0:22:54]} Qf6
{[%clk 0:00:48]} 30. h3 {[%clk 0:23:03]} Qf2+ {[%clk 0:00:32]} 31. Kh2
{[%clk 0:22:36]} b6 {[%clk 0:00:33]} 32. Qxd5 {[%clk 0:21:36]} Qf4+
{[%clk 0:00:32]} 33. Rg3 {[%clk 0:22:04]} bxc5 {[%clk 0:00:33]} 34. Qxe4
{[%clk 0:22:21]}  1-0

[Event "Iranian Men Championship Final 1399"]
[Site "Tehran"]
[Date "2021.04.05"]
[Round "2"]
[Board "5"]
[White "Darini, Pouria"]
[Black "Maghsoodloo, Parham"]
[Result "0-1"]
[WhiteElo "2432"]
[BlackElo "2676"]
[PlyCount "0"]
[EventDate "2021.04.05"]
[EventRounds "15"]
[EventCountry "IRI"]

1. e4 {[%clk 1:30:53]} c5 {[%clk 1:30:55]} 2. Nf3 {[%clk 1:31:07]} Nc6
{[%clk 1:31:21]} 3. Bb5 {[%clk 1:31:21]} e6 {[%clk 1:31:46]} 4. O-O
{[%clk 1:31:07]} Nge7 {[%clk 1:32:07]} 5. d4 {[%clk 1:29:23]} cxd4
{[%clk 1:32:33]} 6. Nxd4 {[%clk 1:29:42]} Ng6 {[%clk 1:33:00]} 7. Be2
{[%clk 1:29:36]} Be7 {[%clk 1:33:25]} 8. Be3 {[%clk 1:25:12]} O-O
{[%clk 1:33:34]} 9. c4 {[%clk 1:24:14]} Nxd4 {[%clk 1:33:57]} 10. Qxd4
{[%clk 1:24:41]} b6 {[%clk 1:34:21]} 11. Nc3 {[%clk 1:24:30]} Bb7
{[%clk 1:34:45]} 12. Rfd1 {[%clk 1:24:11]} Bc6 {[%clk 1:35:08]} 13. Qd2
{[%clk 1:13:32]} f5 {[%clk 1:07:51]} 14. exf5 {[%clk 1:03:29]} Nh4
{[%clk 1:08:10]} 15. f3 {[%clk 0:42:18]} Rxf5 {[%clk 0:48:37]} 16. Ne4
{[%clk 0:42:31]} Qe8 {[%clk 0:48:55]} 17. Ng3 {[%clk 0:38:55]} Re5
{[%clk 0:40:13]} 18. Bf4 {[%clk 0:35:13]} Bc5+ {[%clk 0:40:07]} 19. Kh1
{[%clk 0:35:26]} Rxe2 {[%clk 0:40:31]} 20. Qxe2 {[%clk 0:34:31]} Nxf3
{[%clk 0:40:51]} 21. Ne4 {[%clk 0:11:12]} Nh4 {[%clk 0:34:38]} 22. Qg4
{[%clk 0:01:07]} Be7 {[%clk 0:34:41]} 23. Bg3 {[%clk 0:00:46]} h5
{[%clk 0:33:07]} 24. Qe2 {[%clk 0:01:15]} Nf5 {[%clk 0:32:50]} 25. Be5
{[%clk 0:00:47]} Qg6 {[%clk 0:32:12]} 26. Ng3 {[%clk 0:00:32]} Nh4
{[%clk 0:19:26]} 27. Kg1 {[%clk 0:00:54]} Rf8 {[%clk 0:18:12]} 28. Bd6 Bxd6
{[%clk 0:17:47]} 29. Rxd6 {[%clk 0:01:26]} Nxg2 {[%clk 0:18:11]} 30. Qd3
{[%clk 0:00:32]}  0-1

[Event "Iranian Men Championship Final 1399"]
[Site "Tehran"]
[Date "2021.04.05"]
[Round "2"]
[Board "6"]
[White "Daneshvar, Bardiya"]
[Black "Veisi, Bardia"]
[Result "1/2-1/2"]
[WhiteElo "2401"]
[BlackElo "2273"]
[PlyCount "0"]
[EventDate "2021.04.05"]
[EventRounds "15"]
[EventCountry "IRI"]

1. d4 {[%clk 1:30:58]} Nf6 {[%clk 1:25:34]} 2. c4 {[%clk 1:31:22]} e6
{[%clk 1:25:54]} 3. Nc3 {[%clk 1:31:43]} Bb4 {[%clk 1:26:16]} 4. Qc2
{[%clk 1:31:59]} d6 {[%clk 1:26:19]} 5. Nf3 {[%clk 1:30:59]} O-O {[%clk 1:26:39]}
6. Bg5 {[%clk 1:30:17]} h6 {[%clk 1:26:31]} 7. Bh4 {[%clk 1:30:33]} b6
{[%clk 1:26:50]} 8. e4 {[%clk 1:25:33]} g5 {[%clk 1:20:28]} 9. Bg3
{[%clk 1:20:22]} Bb7 {[%clk 1:20:40]} 10. Nd2 {[%clk 1:18:52]} c5
{[%clk 1:14:39]} 11. d5 {[%clk 1:09:45]} Nh5 {[%clk 0:58:56]} 12. Be2
{[%clk 1:07:52]} Nf4 {[%clk 0:59:02]} 13. Bxf4 {[%clk 1:06:39]} gxf4
{[%clk 0:59:26]} 14. dxe6 {[%clk 1:06:23]} fxe6 {[%clk 0:59:11]} 15. e5
{[%clk 1:06:46]} Qg5 {[%clk 0:57:00]} 16. Nf3 {[%clk 0:51:30]} Qg7
{[%clk 0:55:28]} 17. exd6 {[%clk 0:51:37]} e5 {[%clk 0:53:09]} 18. O-O-O
{[%clk 0:39:00]} Bxc3 {[%clk 0:49:37]} 19. Qxc3 {[%clk 0:38:33]} Nd7
{[%clk 0:41:51]} 20. Nd2 {[%clk 0:31:01]} e4 {[%clk 0:41:18]} 21. Qc2
{[%clk 0:30:23]} Rae8 {[%clk 0:37:08]} 22. Rhe1 {[%clk 0:28:56]} Re5
{[%clk 0:30:11]} 23. f3 {[%clk 0:27:02]} Rfe8 {[%clk 0:29:46]} 24. fxe4
{[%clk 0:16:16]} Bxe4 {[%clk 0:29:35]} 25. Nxe4 {[%clk 0:16:24]} Rxe4
{[%clk 0:29:56]} 26. Rd2 {[%clk 0:16:18]} Qe5 {[%clk 0:14:44]} 27. Qd3
{[%clk 0:12:56]} Re6 {[%clk 0:09:17]}  1/2-1/2

[Event "Iranian Men Championship Final 1399"]
[Site "Tehran"]
[Date "2021.04.05"]
[Round "2"]
[Board "7"]
[White "Atakhan, Abtin"]
[Black "Ghaem Maghami, Ehsan"]
[Result "1/2-1/2"]
[WhiteElo "2294"]
[BlackElo "2561"]
[PlyCount "0"]
[EventDate "2021.04.05"]
[EventRounds "15"]
[EventCountry "IRI"]

1. d4 {[%clk 1:29:04]} Nf6 {[%clk 1:28:36]} 2. c4 {[%clk 1:29:24]} e6
{[%clk 1:28:48]} 3. g3 {[%clk 1:29:34]} d5 {[%clk 1:24:09]} 4. Bg2
{[%clk 1:29:51]} Bb4+ {[%clk 1:24:05]} 5. Nd2 {[%clk 1:29:19]} O-O
{[%clk 1:24:19]} 6. Ngf3 {[%clk 1:29:42]} b6 {[%clk 1:17:23]} 7. O-O
{[%clk 1:29:43]} Bb7 {[%clk 1:17:42]} 8. Ne5 {[%clk 1:29:12]} Nbd7
{[%clk 1:15:13]} 9. Qa4 {[%clk 1:29:29]} Bd6 {[%clk 1:05:24]} 10. Nxd7
{[%clk 1:29:49]} Qxd7 {[%clk 1:05:09]} 11. Qxd7 {[%clk 1:30:10]} Nxd7
{[%clk 1:05:32]} 12. cxd5 {[%clk 1:30:34]} exd5 {[%clk 1:04:45]} 13. Nc4
{[%clk 1:30:57]} Be7 {[%clk 1:02:20]}  1/2-1/2

[Event "Iranian Men Championship Final 1399"]
[Site "Tehran"]
[Date "2021.04.05"]
[Round "2"]
[Board "8"]
[White "Tabatabaei, M.Amin"]
[Black "Daghli, Arash"]
[Result "1-0"]
[WhiteElo "2629"]
[BlackElo "2431"]
[PlyCount "0"]
[EventDate "2021.04.05"]
[EventRounds "15"]
[EventCountry "IRI"]

1. d4 {[%clk 1:30:23]} Nf6 {[%clk 1:30:48]} 2. c4 {[%clk 1:30:45]} g6
{[%clk 1:31:09]} 3. Nc3 {[%clk 1:31:08]} Bg7 {[%clk 1:31:29]} 4. e4
{[%clk 1:31:31]} d6 {[%clk 1:31:53]} 5. Nf3 {[%clk 1:31:52]} O-O {[%clk 1:32:14]}
6. Be2 {[%clk 1:32:17]} e5 {[%clk 1:32:34]} 7. O-O {[%clk 1:32:37]} Nc6
{[%clk 1:32:01]} 8. d5 {[%clk 1:32:58]} Ne7 {[%clk 1:32:24]} 9. b4
{[%clk 1:33:19]} a5 {[%clk 1:28:01]} 10. bxa5 {[%clk 1:33:33]} c5
{[%clk 1:28:20]} 11. a4 {[%clk 1:33:51]} Ne8 {[%clk 1:26:14]} 12. Ra3
{[%clk 1:34:09]} h6 {[%clk 1:25:30]} 13. Bd2 {[%clk 1:34:24]} Rxa5
{[%clk 1:19:11]} 14. Qc1 {[%clk 1:34:27]} Kh7 {[%clk 1:18:57]} 15. Kh1
{[%clk 1:33:45]} Ra6 {[%clk 1:13:52]} 16. Bd3 {[%clk 1:33:37]} Nf6
{[%clk 1:11:43]} 17. h3 {[%clk 1:30:11]} Neg8 {[%clk 1:05:21]} 18. Rg1
{[%clk 1:28:47]} Kh8 {[%clk 1:02:18]} 19. Nb5 {[%clk 1:26:08]} Nh7
{[%clk 0:58:25]} 20. g4 {[%clk 1:24:05]} Qe7 {[%clk 0:42:04]} 21. Qb1
{[%clk 1:19:23]} Bf6 {[%clk 0:41:37]} 22. Bc2 {[%clk 1:19:03]} Qd8
{[%clk 0:37:26]} 23. Rg2 {[%clk 1:17:25]} Kg7 {[%clk 0:36:26]} 24. Qg1
{[%clk 1:15:23]} Bd7 {[%clk 0:24:31]} 25. Qh2 {[%clk 1:14:10]} Bc8
{[%clk 0:13:15]} 26. Ra1 {[%clk 0:58:19]} Ne7 {[%clk 0:10:41]} 27. h4
{[%clk 0:56:13]} g5 {[%clk 0:10:56]} 28. h5 {[%clk 0:56:17]} Re8 {[%clk 0:10:42]}
29. Ng1 {[%clk 0:55:21]} Nf8 {[%clk 0:10:50]} 30. Ne2 {[%clk 0:55:30]} Nd7
{[%clk 0:10:24]} 31. Qh3 {[%clk 0:55:19]} Kg8 {[%clk 0:09:17]} 32. Qb3
{[%clk 0:55:28]} Bg7 {[%clk 0:08:24]} 33. Ng3 {[%clk 0:55:40]} Kh8
{[%clk 0:05:52]} 34. Nf1 {[%clk 0:55:42]} Kg8 {[%clk 0:05:00]} 35. Ne3
{[%clk 0:56:05]} Kh8 {[%clk 0:03:51]} 36. Rgg1 {[%clk 0:56:29]} Kg8
{[%clk 0:04:17]} 37. Rgb1 {[%clk 0:56:23]} Rf8 {[%clk 0:04:41]} 38. Qd3
{[%clk 0:56:07]} Bf6 {[%clk 0:03:46]} 39. Kg2 {[%clk 0:56:10]} Kg7
{[%clk 0:04:07]} 40. Nc3 {[%clk 0:52:57]} Qc7 {[%clk 0:03:21]} 41. Ne2
{[%clk 0:52:09]} Nb8 {[%clk 0:03:10]} 42. Ng3 {[%clk 0:52:16]} Ra7
{[%clk 0:02:56]} 43. Bc3 {[%clk 0:50:30]} Ng8 {[%clk 0:00:32]} 44. a5
{[%clk 0:48:59]} Na6 {[%clk 0:00:47]} 45. Qd2 {[%clk 0:46:52]} Kh8
{[%clk 0:00:31]} 46. Rb6 {[%clk 0:46:15]} Ne7 {[%clk 0:00:33]} 47. Ba4
{[%clk 0:46:14]} Rd8 {[%clk 0:00:37]} 48. Rab1 {[%clk 0:46:18]} Kh7
{[%clk 0:00:59]} 49. Kh3 {[%clk 0:45:22]} Kg7 {[%clk 0:00:52]} 50. Nc2
{[%clk 0:45:23]} Ra8 {[%clk 0:00:32]} 51. Na3 {[%clk 0:45:23]} Kh7
{[%clk 0:00:31]} 52. Nb5 {[%clk 0:31:51]} Qb8 {[%clk 0:00:52]} 53. Nxd6  1-0

[Event "Iranian Men Championship Final 1399"]
[Site "Tehran"]
[Date "2021.04.06"]
[Round "3"]
[Board "1"]
[White "Daghli, Arash"]
[Black "Hakemi, Arman"]
[Result "1-0"]
[WhiteElo "2431"]
[BlackElo "2316"]
[PlyCount "0"]
[EventDate "2021.04.05"]
[EventRounds "15"]
[EventCountry "IRI"]

1. e4 {[%clk 1:30:46]} e5 {[%clk 1:30:49]} 2. Nf3 {[%clk 1:30:41]} Nc6
{[%clk 1:31:09]} 3. Bb5 {[%clk 1:30:38]} a6 {[%clk 1:31:27]} 4. Ba4
{[%clk 1:31:01]} Nf6 {[%clk 1:31:44]} 5. O-O {[%clk 1:31:18]} Be7
{[%clk 1:31:50]} 6. Re1 {[%clk 1:31:09]} b5 {[%clk 1:29:49]} 7. Bb3
{[%clk 1:31:12]} O-O {[%clk 1:28:29]} 8. h3 d6 {[%clk 1:26:44]} 9. c3
{[%clk 1:30:13]} Nb8 {[%clk 1:26:06]} 10. d3 {[%clk 1:29:35]} Nbd7
{[%clk 1:26:30]} 11. Nbd2 {[%clk 1:29:54]} Bb7 {[%clk 1:24:51]} 12. Nf1
{[%clk 1:29:29]} Nc5 {[%clk 1:24:30]} 13. Bc2 {[%clk 1:29:10]} Re8
{[%clk 1:24:14]} 14. Ng3 {[%clk 1:27:36]} Bf8 15. Be3 {[%clk 1:17:51]} g6
{[%clk 1:08:31]} 16. Qd2 {[%clk 1:07:25]} Bg7 {[%clk 1:04:41]} 17. Nh2
{[%clk 1:05:56]} Ne6 {[%clk 1:00:14]} 18. d4 exd4 {[%clk 0:29:03]} 19. cxd4
{[%clk 1:05:34]} c5 {[%clk 0:29:32]} 20. d5 {[%clk 1:03:51]} Nd4 {[%clk 0:29:57]}
21. Bxd4 {[%clk 1:02:51]} cxd4 {[%clk 0:30:20]} 22. Nf3 {[%clk 1:01:33]} Nd7
{[%clk 0:29:21]} 23. Nxd4 {[%clk 0:59:00]} Qb6 {[%clk 0:27:55]} 24. Rad1
{[%clk 0:54:28]} Rac8 25. Bb1 {[%clk 0:49:21]} Rc4 {[%clk 0:25:18]} 26. Nge2 a5
{[%clk 0:19:37]} 27. b3 {[%clk 0:41:08]} Rc7 {[%clk 0:17:00]} 28. Qd3
{[%clk 0:28:59]} Ba6 {[%clk 0:14:52]} 29. Nc6 b4 30. Qg3 {[%clk 0:22:32]} Bxe2
{[%clk 0:15:05]} 31. Rxe2 {[%clk 0:22:54]} Ne5 32. Bd3 Nxc6 {[%clk 0:13:02]} 33.
dxc6 {[%clk 0:22:24]} Qxc6 {[%clk 0:10:21]} 34. Bc4 {[%clk 0:21:24]} Be5 35. Qd3
{[%clk 0:20:31]} Qb6 {[%clk 0:10:35]} 36. g3 {[%clk 0:20:30]} Kg7
{[%clk 0:06:27]} 37. Kg2 {[%clk 0:20:29]} Rd8 38. f4 {[%clk 0:14:51]} Bf6
{[%clk 0:07:17]} 39. Qf3 {[%clk 0:15:09]} a4 {[%clk 0:05:22]} 40. Rd5
{[%clk 0:14:34]} axb3 {[%clk 0:05:38]} 41. axb3 {[%clk 0:14:34]} Bc3 42. e5
{[%clk 0:09:18]} Ra7 {[%clk 0:03:41]} 43. Rb5 {[%clk 0:05:20]} Qd4
{[%clk 0:03:26]} 44. Rd5 {[%clk 0:04:11]} Qb6 {[%clk 0:03:55]} 45. e6
{[%clk 0:03:06]} fxe6 {[%clk 0:04:17]} 46. Rxe6 {[%clk 0:02:37]} Ra2+
{[%clk 0:04:42]} 47. Re2 {[%clk 0:02:58]} Qa7 {[%clk 0:03:12]} 48. h4
{[%clk 0:02:53]} Re8 {[%clk 0:02:25]} 49. Rxa2 {[%clk 0:03:16]} Qxa2+
{[%clk 0:02:49]} 50. Kh3 {[%clk 0:00:34]} Qb1 51. Rd1 Qf5+ {[%clk 0:01:12]} 52.
Kg2 {[%clk 0:00:49]} Qc2+ 53. Kh3 {[%clk 0:00:41]} Qf5+ {[%clk 0:01:28]} 54. Qg4
{[%clk 0:00:34]} Re3 55. Qxf5 {[%clk 0:00:32]} gxf5 {[%clk 0:01:38]} 56. Rxd6
{[%clk 0:00:57]} Be1 {[%clk 0:01:34]} 57. Rd7+ {[%clk 0:01:26]} Kg6
{[%clk 0:01:22]} 58. h5+ {[%clk 0:01:11]} Kxh5 {[%clk 0:00:45]} 59. Rg7
{[%clk 0:01:32]} Kh6 {[%clk 0:00:58]} 60. Rg5 {[%clk 0:01:35]} Rf3
{[%clk 0:00:59]} 61. Be6 {[%clk 0:00:38]} Re3 {[%clk 0:01:07]} 62. Bc4
{[%clk 0:00:42]} Rf3 {[%clk 0:01:35]} 63. Bf7 {[%clk 0:00:34]} Re3
{[%clk 0:01:33]} 64. Kg2 {[%clk 0:00:35]} Re7 {[%clk 0:01:42]} 65. Rxf5
{[%clk 0:00:45]} Kg7 {[%clk 0:01:19]} 66. Bc4 {[%clk 0:00:32]} Re3 67. g4
{[%clk 0:01:01]} Rg3+ {[%clk 0:00:50]} 68. Kf1 Bd2 {[%clk 0:01:08]} 69. Rg5+
{[%clk 0:01:07]} Kf6 70. Kf2 {[%clk 0:01:22]} Rh3 {[%clk 0:01:28]} 71. Rf5+ Kg7
72. Rg5+ {[%clk 0:00:55]} Kf6 {[%clk 0:00:51]} 73. Rd5 {[%clk 0:01:24]} Bc3 74.
Rd7 h5 {[%clk 0:00:38]} 75. g5+ {[%clk 0:00:32]} Kf5 {[%clk 0:01:05]} 76. Rf7+
{[%clk 0:00:35]} Ke4 {[%clk 0:00:40]} 77. g6 Bd4+ {[%clk 0:01:02]} 78. Kg2
{[%clk 0:00:40]} Rh4 79. Be2 {[%clk 0:00:32]} Rxf4 {[%clk 0:00:57]} 80. Bf3+
{[%clk 0:00:39]} Ke3 {[%clk 0:01:15]} 81. Re7+ {[%clk 0:00:52]} Kd3
{[%clk 0:01:11]} 82. g7 {[%clk 0:01:12]} Bxg7 {[%clk 0:00:54]} 83. Rxg7
{[%clk 0:01:42]} Kc3 {[%clk 0:01:05]} 84. Bd5 {[%clk 0:01:40]} h4
{[%clk 0:00:59]} 85. Rf7 {[%clk 0:00:51]} Rd4 {[%clk 0:00:47]} 86. Rf3+
{[%clk 0:01:00]} Kb2 {[%clk 0:01:09]} 87. Bc4 {[%clk 0:01:08]} Kc2
{[%clk 0:01:37]} 88. Kf2 {[%clk 0:01:06]} Kd2 {[%clk 0:00:59]} 89. Kf1
{[%clk 0:00:34]} Rg4 {[%clk 0:00:49]} 90. Be6 {[%clk 0:00:35]} Re4
{[%clk 0:00:57]} 91. Bc4 {[%clk 0:00:34]} Rg4 {[%clk 0:01:20]} 92. Kf2
{[%clk 0:00:40]} Rd4 {[%clk 0:00:40]} 93. Rf5 {[%clk 0:00:46]} Re4
{[%clk 0:00:37]} 94. Kf3 {[%clk 0:00:41]} Re3+ {[%clk 0:00:43]} 95. Kg4
{[%clk 0:00:37]} h3 {[%clk 0:00:32]} 96. Rh5 {[%clk 0:00:52]} Re4+
{[%clk 0:00:53]} 97. Kxh3 {[%clk 0:00:49]} Kc3 {[%clk 0:01:19]} 98. Kg2
{[%clk 0:00:49]} Rf4 99. Rh3+ {[%clk 0:01:00]} Kb2 {[%clk 0:01:43]} 100. Rf3 Re4
{[%clk 0:02:26]} 101. Kf2 {[%clk 0:01:24]} Ka3 102. Re3 {[%clk 0:01:44]} Rh4
{[%clk 0:02:35]} 103. Ke2 Rh2+ {[%clk 0:02:47]} 104. Kd3 {[%clk 0:02:08]} Rh1
{[%clk 0:03:21]} 105. Kd4 {[%clk 0:02:20]} Rd1+ {[%clk 0:03:25]} 106. Kc5
{[%clk 0:02:29]} Rd8 107. Re6 {[%clk 0:02:54]} Rc8+ {[%clk 0:03:44]} 108. Kb5
Rb8+ {[%clk 0:03:33]} 109. Rb6 {[%clk 0:03:22]}  1-0